Was it Made by the French? - Statistics

General Stats
  • This quiz has been taken 47 times
  • The average score is 11 of 15
Answer Stats
Question Answer % Correct
Hot Air Balloon Made by the French
100%
Braille Made by the French
100%
French Fries Not made by the French
100%
Ice Cream Not made by the French
100%
Toilet Not made by the French
100%
Microwave Oven Not made by the French
100%
Pencil Sharpener Made by the French
83%
Stethoscope Made by the French
83%
Fireworks Not made by the French
83%
Croissant Not made by the French
67%
Skiing Not made by the French
67%
Binoculars Made by the French
50%
Oboe Made by the French
33%
Etch a Sketch Made by the French
17%
Envelope Not made by the French
17%
No matching quizzes found
Score Distribution
Percent of People with Each Score
Percentile by Number Answered
Your Score History
You have not taken this quiz